000 00503nam a2200193Ia 4500
005 20250423100840.0
008 250422s9999 xx 000 0 und d
020 _a9789784830997
050 _aKP 147 .T2/
100 _aTar, S.
245 0 _aS. T. Hon’s law of evidence in Nigeria: based on the Nigerian evidence act, 2011
250 _a2nd ed.
260 _aPort Harcourt
260 _bPearl Pub.
260 _c2013
300 _a597 p
650 _aEvidence (Law)--Nigeria.
942 _cBK
999 _c34523
_d34523